Mi is az a célnyelv?

Bibliographic Details
Main Author: Sági Tóth, Tibor (Author)
Format: Article
Language:Hungarian
Subjects:

MARC

LEADER 00000nab a2200000 a 4500
001 vtls000491329
003 SK-MaSNL
005 20260319073551.0
008 160202c1993 xo 0 hun
015 |a SNBRB19rr/mm-uuuuu 
035 |a CL0491467 
040 |a SNKBUCL  |b slo  |c SNKBUCL  |e AACR2 
041 0 |a hun 
044 |a xo  |c SK 
080 |a 372.880  |2 1981 
100 1 |a Sági Tóth, Tibor  |4 aut  |9 398701 
245 1 0 |a Mi is az a célnyelv?  |c Tibor Sági Tóth 
650 0 7 |a cudzie jazyky  |2 snkbucl  |9 69722 
655 7 |a články z novín a časopisov  |2 snkbucl  |9 267496 
773 0 |t Új szó  |g Roč. 46, č. 166 (20. 7. 1993), s. 7 
850 |a Slovenská národná knižnica v Martine  |a DSG001 
852 |a SNK  |b KIS3GCP 
958 |a RK 
958 |a HU 
992 |a RBX 
999 |c 1618621  |d 1620551